000 00289nam a2200133Ia 4500
100 _aElliotte/Rusty Harold
942 _cBK
654 _aComputer
245 _aJava Network programming
260 _bOreilly & Ass Inc
_c1997
082 _a005.13 (J)
546 _aENGLISH
999 _c32955
_d32955